| 000 | 00466nam a2200169 a 4500 | ||
|---|---|---|---|
| 001 | 45434 | ||
| 005 | 20180714024626.0 | ||
| 008 | 140415s1972 000 0 spa d | ||
| 041 | _aspa | ||
| 082 |
_a262 _bRAT |
||
| 100 | 1 | _aBenedicto XVI, Papa,. | |
| 245 | 1 | 3 |
_aEL NUEVO PUEBLO DE DIOS : _bESQUEMAS PARA UNA ECLESIOLOGIA |
| 260 |
_a[s.l.] : _bHERDER, _c1972 |
||
| 300 | _a470 | ||
| 490 |
_aBIBLIOTECA HERDER _v101 |
||
| 650 | 1 | 4 |
_aIGLESIA _xHISTORIA |
| 999 |
_c45434 _d45434 |
||